Countries of Africa by Population - In Order - Statistics

General Stats
  • This quiz has been taken 9 times
  • The average score is 50 of 54
Answer Stats
Population Country % Correct
48.0 M A Algeria
100%
40.2 M A Angola
100%
15.2 M B Benin
100%
24.6 M B Burkina Faso
100%
30.6 M C Cameroon
100%
21.6 M C Chad
100%
117 M D DR Congo
100%
120 M E Egypt
100%
139 M E Ethiopia
100%
35.7 M G Ghana
100%
15.4 M G Guinea
100%
33.5 M I Ivory Coast
100%
58.6 M K Kenya
100%
33.5 M M Madagascar
100%
22.8 M M Malawi
100%
25.9 M M Mali
100%
38.8 M M Morocco
100%
28.8 M N Niger
100%
242 M N Nigeria
100%
14.9 M R Rwanda
100%
19.4 M S Senegal
100%
20.3 M S Somalia
100%
53.3 M S Sudan
100%
72.6 M T Tanzania
100%
52.8 M U Uganda
100%
22.5M Z Zambia
100%
17.3 M Z Zimbabwe
100%
14.7 M B Burundi
89%
530 K C Cape Verde
89%
900 K C Comoros
89%
1.2 M D Djibouti
89%
2.0 M E Equatorial Guinea
89%
3.7 M E Eritrea
89%
1.3 M E Eswatini
89%
2.6 M G Gabon
89%
2.3 M G Guinea-Bissau
89%
2.4 M L Lesotho
89%
7.5 M L Libya
89%
1.3 M M Mauritius
89%
36.6 M M Mozambique
89%
3.2 M N Namibia
89%
6.6 M R Republic of the Congo
89%
135 K S Seychelles
89%
65.5 M S South Africa
89%
12.4 M S South Sudan
89%
9.90 M T Togo
89%
12.4 M T Tunisia
89%
2.6 M B Botswana
78%
5.9 M L Liberia
78%
5.5 M M Mauritania
78%
245 K S Sao Tome and Principe
78%
9.0 M S Sierra Leone
78%
5.7 M C Central African Republic
67%
2.9 M G Gambia
67%
No matching quizzes found
Score Distribution
Percent of People with Each Score
Percentile by Number Answered
Your Score History
You have not taken this quiz